000 00497nam a2200181Ia 4500
001 3181
005 20260306144902.0
008 260306t2007||||xx |||||||||||||| ||spa||
041 _aESP
082 _a261.8
_bM86
100 _aMoral, José Luis
_eAUT
245 0 _aCiudadanos y cristianos :
_breconstrucción de la teología pastoral como teología de la praxis cristiana
260 _c2007
300 _a663 páginas :
_c22 cm.
650 _aGEN
654 _aCHU
942 _cLIB
_dJUS
_fJUS
_2ddc
_n
999 _c3181
_d3181